| 000 | 00544pab a2200181 454500 | ||
|---|---|---|---|
| 008 | 180718b2004 xxu||||| |||| 00| 0 eng d | ||
| 100 | _aGreaves, Edward F. | ||
| 245 | _aMunicipality and community in Chile: building imagined civic communities and its impact on the political | ||
| 260 | _c2004 | ||
| 300 | _ap.203-30. | ||
| 362 | _aJun | ||
| 650 | _aDemocratization - Chile | ||
| 650 | _aDecentralization - Chile | ||
| 650 | _aLocal government - Chile | ||
| 650 | _aLocal government | ||
| 773 | _aPolitics and Society | ||
| 909 | _a60783 | ||
| 999 |
_c60783 _d60783 |
||